[Event "Corsica-ch"]
[Site "Bastia"]
[Date "2003.06.22"]
[Round "2.2"]
[White "Humeau, Cyril"]
[Black "Bicchierai, Gregory"]
[Result "1/2-1/2"]
[WhiteElo "2061"]
[BlackElo "2089"]
[PlyCount "105"]
[EventDate "2003.06.21"]
[EventType "k.o."]
[EventRounds "4"]
[EventCountry "FRA"]
[SourceTitle "EXT 2007"]
[Source "ChessBase"]
[SourceDate "2006.11.23"]
[SourceVersion "1"]
[SourceVersionDate "2006.11.23"]
[SourceQuality "1"]

1. d4 Nf6 2. Nf3 g6 3. g3 Bg7 4. Bg2 0-0 5. 0-0 d6 6. c3 c6 7. Nbd2 Qc7 8. e4 e5 9. dxe5 dxe5 10. Qc2 b6 11. b3 Ba6 12. c4 Nbd7 13. Ba3 Nc5 14. Rad1 Rfd8 15. Bxc5 bxc5 16. Nb1 Nd7 17. Nc3 Nf8 18. Rxd8 Rxd8 19. Rd1 Ne6 20. Rxd8+ Qxd8 21. Ne1 Nd4 22. Qd1 Bc8 23. Nd3 Qd6 24. Na4 Ne6 25. Ndb2 Qd4 26. Kf1 Kf8 27. Qxd4 cxd4 28. Bh3 Ke7 29. Nd3 Kd6 30. Ke2 Bd7 31. f3 Bh8 32. Bg4 h5 33. Bh3 f5 34. Nab2 c5 35. Nd1 Ng5 36. Bg2 fxe4 37. fxe4 Bc6 38. N1f2 Bf6 39. Ke1 Ne6 40. Ke2 Bg5 41. Bh3 Nf8 42. Bg2 Nd7 43. Bf3 Nf6 44. Bg2 Be3 45. Bf3 g5 46. h3 Bxf2 47. Nxf2 h4 48. g4 Nd7 49. a3 Nf8 50. Nd3 Ne6 51. Kd2 a5 52. a4 Nf4 53. Nf2 1/2-1/2